Catálogo

Comunicación organizacional / (Registro nro. 28335)

Detalles MARC
000 -LEADER
fixed length control field 01547cam a2200349 i 4500
001 - CONTROL NUMBER
control field 28335
003 - CONTROL NUMBER IDENTIFIER
control field Mx-PuUPA
005 - DATE AND TIME OF LATEST TRANSACTION
control field 20260219130746.0
008 - FIXED-LENGTH DATA ELEMENTS--GENERAL INFORMATION
fixed length control field 140415s2023 mx a gr 000 0 spa d
020 ## - INTERNATIONAL STANDARD BOOK NUMBER
International Standard Book Number 9786071745491
040 ## - CATALOGING SOURCE
Original cataloging agency Mx-PuUPA
Language of cataloging spa
Transcribing agency Mx-PuUPA
Modifying agency Mx-PuUPA
Description conventions rda
041 1# - LANGUAGE CODE
Language code of text/sound track or separate title spa
Language code of original fre
100 1# - MAIN ENTRY--PERSONAL NAME
Personal name Philippe Gérard,
Titles and words associated with a name consultor en comunicación
9 (RLIN) 17843
Relator term autor
240 13 - UNIFORM TITLE
Uniform title La boite a outils de la communication.
Language of a work Español
245 10 - TITLE STATEMENT
Title Comunicación organizacional /
Statement of responsibility, etc. Philippe Gérard, Bernadette Jézéquel ; Andrés Ramos García, traductor
250 ## - EDITION STATEMENT
Edition statement Primera edición /
Remainder of edition statement mayo
264 #1 - PRODUCTION, PUBLICATION, DISTRIBUTION, MANUFACTURE, AND COPYRIGHT NOTICE
Place of production, publication, distribution, manufacture México, D.F. :
Name of producer, publisher, distributor, manufacturer Editorial Trillas,
Date of production, publication, distribution, manufacture, or copyright notice ©2023
300 ## - PHYSICAL DESCRIPTION
Extent 192 páginas :
Other physical details ilustraciones, diagramas, tablas ;
Dimensions 27 cm
336 ## - CONTENT TYPE
Fuente rdacontent
Content type term texto
Content type code txt
337 ## - MEDIA TYPE
Source rdamedia
Media type term sin medio
Media type code n
338 ## - CARRIER TYPE
Source rdacarrier
Carrier type term volumen
Carrier type code nc
490 0# - SERIES STATEMENT
Series statement La caja de herramientas
500 ## - GENERAL NOTE
General note "56 herramientas y métodos. Contenidos aplicables a la vida cotidiana ; Información sintética y visual ; Estudios de caso, ejemplos y ejercicios". -- Cubierta
650 #7 - SUBJECT ADDED ENTRY--TOPICAL TERM
Source of heading or term armarc
Topical term or geographic name entry element Comunicación en administración
650 #7 - SUBJECT ADDED ENTRY--TOPICAL TERM
Source of heading or term armarc
Topical term or geographic name entry element Administración
700 1# - ADDED ENTRY--PERSONAL NAME
Personal name Jézéquel, Bernadette,
Relator term autor
700 1# - ADDED ENTRY--PERSONAL NAME
Personal name Ramos García, Andrés,
Relator term traductor
765 0# - ORIGINAL LANGUAGE ENTRY
Main entry heading Philippe Gérard, consultor en comunicación
Edition Cuarta edición
Place, publisher, and date of publication Malakoff, Francia : Dunod Éditeur, 2019
Title La boite a outils de la communication.
International Standard Book Number 9782100796175
942 ## - ADDED ENTRY ELEMENTS (KOHA)
Source of classification or shelving scheme Dewey Decimal Classification
Koha item type Libro
Classification part 658.45
Item part P54
Existencias
Withdrawn status Lost status Source of classification or shelving scheme Damaged status Not for loan Collection code Home library Current library Shelving location Date acquired Total Checkouts Full call number Barcode Date last seen Price effective from Koha item type
    Dewey Decimal Classification     General Tehuacán Tehuacán Sala general 19/02/2026   658.45 P54 2023 968000002666 03/03/2026 19/02/2026 Libro